000 00662nam a2200229Ia 4500
005 20250425162510.0
008 250425s9999 xx 000 0 und d
020 _a9780132130806
041 _aeng
082 _a005.133
_pLIA
100 _aLiang, Y. Daniel
245 0 _aIntroduction to Java Programming
_cY. Daniel Liang
250 _aOctava ed.
260 _aEstados Unidos, Boston
_bPrentice-Hall
_c2011
300 _a1342 p.
_bIlustrado
_c26 cm
500 _aIncluye Tabla de contenido, indice
650 _aJava (lenguaje de programacion)
650 _aSoftware-Programacion
902 _aMonográfico
_cImpreso
942 _c01
010 _a78363
999 _c230452
_d230452